| 000 | 01904nam1a2200289 i 4500 | ||
|---|---|---|---|
| 001 | RU\NLR\BIBL_A\011268432 | ||
| 005 | 20260405134339.0 | ||
| 035 | _a(NLR Aleph) 011268432 | ||
| 090 |
_a10806979 _c10806979 |
||
| 100 | _a20160627g20169999um y0rusy50 ca | ||
| 101 | 0 | _arus | |
| 102 | _aRU | ||
| 105 | _a||||j|||||||| | ||
| 200 | 1 |
_aОбщая энергетика _eучебник _e[в 2 кн. _fГорелов Валерий Павлович, Горелов Сергей Валерьевич, Горелов Валерий Сергеевич и др.] _gпод ред. д-ров техн. наук, профессоров В. П. Горелова, Е. В. Ивановой _gМ-во трансп. Рос. Федерации, Федер. агентство мор. и реч. трансп., Федер. бюджет. образоват. учреждение высш. образования "Сиб. гос. ун-т вод. трансп." |
|
| 210 |
_aНовосибирск _cФГБОУ ВО "Сибирский государственный университет водного транспорта" _d2016 |
||
| 215 | _d20 | ||
| 300 | _aАвт. указаны в вып. дан. | ||
| 606 | 1 |
_aЭнергетика _jУчебники для высших учебных заведений _9919067 _3RU\NLR\AUTH\6617591 |
|
| 686 | 1 | _aЗ1я73-1 | |
| 701 | 1 |
_8rus _7ca _aГорелов _bВ. П. _f1941- _gВалерий Павлович _3RU\NLR\AUTH\7754879 _937811 |
|
| 701 | 1 |
_aГорелов _bС. В. _f1970- _gСергей Валерьевич |
|
| 701 | 1 |
_aГорелов _bВ. С. _gВалерий Сергеевич |
|
| 712 | 0 | 2 |
_4570 _aСибирский государственный университет водного транспорта _cНовосибирск _9502334 _3RU\NLR\AUTH\880418637 |
| 852 |
_aNLR _j2016-3/19904 |
||
| 942 | _cBOOK | ||